Taylor Swift Vocab: Showgirl Edition - Statistics

General Stats
  • This quiz has been taken 19 times
  • The average score is 19 of 50
Answer Stats
Song Hint Answer % Correct
The Life of a Showgirl / Wood A carefully arranged cluster of flowers, fragrant and decorative B{ouquet}
85%
Father Figure A grand country house or castle, especially in the French style Ch{ateau}
77%
Eldest Daughter Struck by suffering, hardship, or illness Af{flict}ed
62%
The Fate of Ophelia Sharpening or refining to greater precision or skill H{on}ing
62%
CANCELLED! Covered or hidden from view, shrouded in secrecy Cl{oak}ed
54%
Ruin The Friendship A small, elegant floral piece worn on clothing or the wrist C{orsage}
54%
CANCELLED! Zealous fighters pressing for a cause or mission Cr{usader}s
54%
The Fate of Ophelia Devotion or loyalty pledged to a person, cause, or nation Al{legiance}
46%
Eldest Daughter A hollow absence of feeling, concern, or interest Ap{athy}
46%
The Life of a Showgirl Open-weave hosiery with a bold, patterned design F{ishnet}s
46%
The Life of a Showgirl Bands or fasteners holding stockings in place, often decorative G{arter}s
46%
Ruin The Friendship Sparkling brightly with reflected moisture or polish Gl{isten}ing
46%
CANCELLED! A solemn vehicle that carries the dead to burial H{earse}
46%
Father Figure The decorative shelf crowning a fireplace M{antel}
46%
O______ A sleek, jet-black gemstone polished to a smooth shine O{nyx}
46%
O______ A milky, iridescent glass that glows with soft colors O{palite}
46%
Honey A quick, refreshing spray of liquid or mist Spr{itz}
46%
CANCELLED! The act of being absolved from blame, guilt, or fault Ex{onerat}ion
38%
The Life of a Showgirl Relentless hunters, whether dogs or pursuers of people H{ound}s
38%
The Life of a Showgirl Destiny, fate, or the inescapable hand of fortune K{ismet}
38%
Eldest Daughter Fragrant spring blossoms in shades of pale purple and white L{ilac}s
38%
Father Figure A rich, reddish-brown wood known for strength and elegance M{ahogany}
38%
The Fate of Ophelia A deep, lingering sadness; a pensive, wistful mood M{elancholy}
38%
Father Figure One nurtured and guided under the care of a mentor Pr{otégé}
38%
The Fate of Ophelia A person with the compulsion to set things ablaze (for short) P{yro}
38%
The Life of a Showgirl Tiny, gleaming discs stitched onto fabric for sparkle and show S{equin}s
38%
Eldest Daughter Flickers with a wavering, delicate glow of light Sh{immer}s
38%
Eldest Daughter Brutal, violent killing on a massive or merciless scale Sl{aughter}
38%
CANCELLED! Self-satisfied with an air of conceit or superiority Sm{ug}
38%
Actually Romantic Gaudy, cheap, or lacking refinement in taste or style T{acky}
38%
CANCELLED! Bristling with painful problems; prickly Th{orn}y
38%
CANCELLED! Evil, corrupt, or mischievous with playful edge W{ick}ed
38%
Elizabeth Taylor Shrunken, dried, or faded away from age, neglect, or hardship W{ither}ed
38%
The Life of a Showgirl Cleverly sharp in speech, quick with humor W{itt}y
38%
Wood Captivated by masculine charm or sex appeal (slang portmanteau) D{*ckmatiz}ed
31%
Wood Deeply troubled, agitated, or overcome with grief D{istraught}
31%
The Fate of Ophelia Stayed on, reluctant to leave; delayed departure with hesitation L{inger}ed
31%
The Fate of Ophelia A place or state of painful waiting before relief or release P{urgatory}
31%
Wood Guided by irrational belief in omens, luck, or signs S{uperstiti}ous
31%
Ruin The Friendship Sagged, drooped, or lost vitality from heat, weakness, or loss W{ilt}ed
31%
Eldest Daughter Fiercely ruthless, marked by merciless competition C{utthroat}
23%
Wi$h Li$t People who feign virtue while acting in contradiction H{ypocrite}s
23%
The Life of a Showgirl A looming threat or presence that inspires fear M{enace}
23%
CANCELLED! How an action or choice is perceived; also the study of light O{ptic}s
23%
Actually Romantic To stir up anger, reaction, or intense emotion Pr{ovoke}
23%
Eldest Daughter Irreversibly final; relating to an ultimate end or death T{erminal}
23%
Eldest Daughter Quiet care in word or deed; tact and cautious judgment D{iscretion}
15%
CANCELLED! Thrives, grows, or flourishes with success Pr{osper}s
15%
Father Figure Restless, unpredictable, straying from control or guidance W{ayward}
15%
Honey A hardy herb with crisp, minty aroma and flavor W{intergreen}
15%
No matching quizzes found
Score Distribution
Percent of People with Each Score
Percentile by Number Answered
Your Score History
You have not taken this quiz